| 000 | 00473nam a2200169Ia 4500 | ||
|---|---|---|---|
| 003 | GCL | ||
| 008 | 140319s9999 xx 000 0 ara d | ||
| 040 |
_aGCL / _cGCL |
||
| 082 | 0 | 4 |
_a133.8 _bم ع |
| 100 | 1 | _aمحمد رفعت | |
| 245 | 1 | 0 |
_aعجائب الدنيا - غرائب البشر / _cمحمد رفعت |
| 260 |
_a[S.N] : _bدار مكتبةالهلال ، _c1993 |
||
| 300 | _a157 ص | ||
| 490 | _a | ||
| 650 | 0 | 4 | _aخوارق الطبيعة |
| 942 |
_2ddc _cBK |
||
| 999 |
_c27526 _d27526 |
||